00761cam a2200229 a 4500001000500000005001700005020001800022040002300040050002000063082001200083100001700095245005000112250004600162260003600208300005900244505000800303520013200311521002000443521002000463650002500483650002300508260320250828113202.0 a9780590677318 aDLCcDLCdDLCbeng00aPZ7.G586b 199400a895.6351 aGomi, Tarò„14aThe crocodile and the dentist /cby Taro Gomi aFirst Scholastic printing , February 1996 aBrookfield :bScholastic,c1994 a26 unnumbered pages : bcolor illustrations ; c23 cm. aD  aCrocodile goes to the dentist, and both of them have to overcome their fears--not only of tooth extractions, but of each other. a180 bLexile  aD bRaz-Plus  1aCrocodilesxFiction. 1aDentistsxFiction.